Quick Pick: Female Lead Singer? Quiz Stats

 Plays Quiz Updated Aug 2, 2018

Score 0/12 Timer 01:00
3 Plays Today
% Correct
The Cranberries
93.1%
Eurythmics
91.8%
No Doubt
90.1%
Roxette
89.4%
Heart
87.9%
Evanescence
87.4%
The Pretenders
80.2%
Paramore
80.1%
Hole
77.3%
Yeah Yeah Yeahs
75%
Garbage
73.8%
Portishead
53.4%

Today's Daily Dose

Missing Word
Celine Dion

Word Ladder
Dr. Seuss Books

Quick Pick
Cities in India

Get the Picture
'A' Actresses

You're not logged in!

Compare scores with friends on all Sporcle quizzes.
OR
Log In

Sporcle TV

Today on Sporcle TV


Watch our educational content, quiz creation guides, and fun videos on Sporcle TV.

Show Comments

Extras

Top Quizzes Today


Score Distribution

Your Account Isn't Verified!

In order to create a playlist on Sporcle, you need to verify the email address you used during registration. Go to your Sporcle Settings to finish the process.

Report this User

Report this user for behavior that violates our Community Guidelines.

Details: